• 首页
  • 本馆介绍
  • 公告通知
  • 最新文献
  • 馆藏检索
  • 电子资源
  • 读者导购
  • 参考咨询
  • 我的图书馆
  • 登录
  • 详细信息显示
  • 放入我的书架
  • 预约/预借图书
  • 作者相关作品
  • 分类相关作品
  • 丛书相关作品
  • 出版社相关作品

书目信息

  • 表格格式
  • 工作单格式
  • 卡片格式
题名:
中国近代思想家文库
    
 
作者: 戴逸 主编 ;汤仁泽 编
分册:   谭嗣同卷
出版信息: 北京   中国人民大学出版社  2015
页数: 10,464页
开本: 23cm
丛书名:
单 册:
中图分类: B250.5 , K254.1
科图分类:
主题词: 思想史--si xiang shi--研究--中国--近代
电子资源:
ISBN: 978-7-300-19947-4
000 01081nam0 22003011 450
001 1761053635
005 20170620172306.98
010    @a978-7-300-19947-4@dCNY72.00
100    @a20150409d2015 em y0chiy50 ea
101 0  @achi
102    @aCN@b110000
105    @aa z 000yd
106    @ar
200 1  @a中国近代思想家文库@9zhong guo jin dai si xiang jia wen ku@i谭嗣同卷@f汤仁泽编
210    @a北京@c中国人民大学出版社@d2015
215    @a10,464页@c图@d23cm
300    @a国家出版基金项目
314    @a主编:戴逸
330    @a本书上卷是谭嗣同的代表作《仁学》;中卷是谭嗣同自定的“东海褰冥氏三十以前旧学四种”;下卷大致为1894年后的诗文及报章文辑、书简、附录等。本书是了解和研究谭嗣同其人其事的必备之书。
517 1  @a谭嗣同卷@9tan si tong juan
600  0 @a谭嗣同@9tan si tong@f(1865-1898)@j文集
606 0  @a思想史@9si xiang shi@x研究@y中国@z近代
690    @aB250.5@v5
690    @aK254.1@v5
701  0 @a戴逸@9dai yi@f(1926~)@4主编
702  0 @a汤仁泽@9tang ren ze@f(1951~)@4编
801  0 @aCN@b百万庄@c20170619
905    @b1014135-40@dB250.5@e64:19@f6
    
    中国近代思想家文库.谭嗣同卷/汤仁泽编 .-北京:中国人民大学出版社,2015
    10,464页:图;23cm
    国家出版基金项目
    
    ISBN 978-7-300-19947-4:CNY72.00
    本书上卷是谭嗣同的代表作《仁学》;中卷是谭嗣同自定的“东海褰冥氏三十以前旧学四种”;下卷大致为1894年后的诗文及报章文辑、书简、附录等。本书是了解和研究谭嗣同其人其事的必备之书。
●
相关链接 在E读中查询图书 在五车中查询图书 在当当中查询图书 在豆瓣中查询图书


正题名:中国近代思想家文库     索取号:B250.5/64:19         预约/预借

序号 登录号 条形码 馆藏地/架位号 状态 备注
1 1014135   210141354   第一样本阅览室/ [索取号:B250.5/64:19] 在馆    
2 1014136   210141363   教育系资料室/ [索取号:B250.5/64:19] 在馆    
3 1014137   210141372   教育系资料室/ [索取号:B250.5/64:19] 在馆    
4 1014138   210141381   教育系资料室/ [索取号:B250.5/64:19] 在馆    
5 1014139   210141390   第一借阅区/ [索取号:B250.5/64:19] 在馆    
6 1014140   210141407   第一借阅区/ [索取号:B250.5/64:19] 在馆    
唐山师范学院图书馆 欢迎您!
大连网信软件有限公司© 版权所有